00451nam a2200133Ia 45000010005000000080041000050200014000460820026000601000054000862450046001402600089001869010027002759990015003022844241024s9999 xx 000 0 und d a2306-143X aRD/371.3/R426m/2011/P aRepública Dominicana. Ministerio de Educación 0aMemoria Pre-Congreso 2011 ISFODOSU-IDEICE bInstituto Dominicano de Evaluación e Investigación de la Calidad Educativac2012 a5/4/2013 10:18:26 a.m. c8840d8840